• 首页
  • 本馆介绍
  • 公告通知
  • 最新文献
  • 馆藏检索
  • 电子资源
  • 读者导购
  • 参考咨询
  • 我的图书馆
  • 登录
  • 详细信息显示
  • 放入我的书架
  • 预约/预借图书
  • 作者相关作品
  • 分类相关作品
  • 丛书相关作品
  • 出版社相关作品

书目信息

  • 表格格式
  • 工作单格式
  • 卡片格式
题名:
弗洛伊德潜意识心理学的哲学探究
    
 
作者: 白新欢 著
分册:  
出版信息: 杭州   浙江工商大学出版社  2016
页数: 206页
开本: 24cm
丛书名:
单 册:
中图分类: B84-065 , B842.7
科图分类:
主题词:
电子资源:
ISBN: 978-7-5178-1854-0
000 00948nam0 22002411 450
001 0102164927
005 20170502164927.0
010    @a978-7-5178-1854-0@dCNY42.00
100    @a20161221d2016 kemy0chiy50 ea
101 0  @achi
102    @aCN@b330000
105    @ay v 000yy
106    @ar
200 1  @a弗洛伊德潜意识心理学的哲学探究@9fu luo yi de qian yi shi xin li xue de zhe xue tan jiu@f白新欢著
210    @a杭州@c浙江工商大学出版社@d2016
215    @a206页@d24cm
330    @a本书从哲学层面对弗洛伊德潜意识心理学产生的哲学背景,该理论的发展演变、核心内容,理论内在的矛盾冲突,以及与西方不同流派哲学之间的交融与分歧,进行了整体性评析,并从中总结出其产生存在的哲学意义和社会意义。
600  0 @a弗洛伊德@Afu luo yi de@c(Freud, Sigmmund@f1856-1939)@x下意识@x研究
690    @aB84-065@v5
690    @aB842.7@v5
701  0 @a白新欢@9bai xin huan@f(1967~)@4著
801  0 @aCN@b百万庄@c20170308
905    @b1003060-5@dB84-065@e1650@f6
    
    弗洛伊德潜意识心理学的哲学探究/白新欢著 .-杭州:浙江工商大学出版社,2016
    206页;24cm
    
    
    ISBN 978-7-5178-1854-0:CNY42.00
    本书从哲学层面对弗洛伊德潜意识心理学产生的哲学背景,该理论的发展演变、核心内容,理论内在的矛盾冲突,以及与西方不同流派哲学之间的交融与分歧,进行了整体性评析,并从中总结出其产生存在的哲学意义和社会意义。
●
相关链接 在E读中查询图书 在五车中查询图书 在当当中查询图书 在豆瓣中查询图书


正题名:弗洛伊德潜意识心理学的哲学探究     索取号:B84-065/1650         预约/预借

序号 登录号 条形码 馆藏地/架位号 状态 备注
1 1003060   210030606   第一样本阅览室/ [索取号:B84-065/1650] 在馆    
2 1003061   210030615   教育系资料室/ [索取号:B84-065/1650] 在馆    
3 1003062   210030624   教育系资料室/ [索取号:B84-065/1650] 在馆    
4 1003063   210030633   教育系资料室/ [索取号:B84-065/1650] 在馆    
5 1003064   210030642   第一借阅区/ [索取号:B84-065/1650] 在馆    
6 1003065   210030651   第一借阅区/ [索取号:B84-065/1650] 在馆    
唐山师范学院图书馆 欢迎您!
大连网信软件有限公司© 版权所有